The mutiny of the Elsinore
I tiakina i:
| Kaituhi matua: | |
|---|---|
| Hōputu: | Pukapuka |
| Reo: | Ingarihi |
| I whakaputaina: |
Nueva York
Grosset & Dunlap
1914
|
| Putanga: | 1a. ed |
| Ngā marau: | |
| Ngā Tūtohu: |
Tāpirihia he Tūtohu
Kāore He Tūtohu, Me noho koe te mea tuatahi ki te tūtohu i tēnei pūkete!
|
MARC
| LEADER | 00000nam a2200000 a 4500 | ||
|---|---|---|---|
| 001 | UCJ4892 | ||
| 003 | CL-VaPUC | ||
| 008 | 070124e19140000US |||||||||||||||||eng|d | ||
| 082 | 0 | 4 | |a 813 |b LON |2 21 |
| 100 | |a London, Jack |e autor |9 342822 | ||
| 245 | 1 | 4 | |a The mutiny of the Elsinore |
| 250 | |a 1a. ed | ||
| 300 | |a 378 p | ||
| 942 | |c BK | ||
| 945 | |d 20070124 00:00:00 |a rinostro | ||
| 260 | |a Nueva York |b Grosset & Dunlap |c 1914 | ||
| 500 | |a Ver nota biográfica de London en el registro 412 | ||
| 650 | 7 | |a NOVELA ESTADOUNIDENSE |2 CL-VaPUC |9 266286 | |
| 583 | |a last modification |c 20070124 00:00:00 |k Rodrigo Vera | ||
| 999 | |c 321007 |d 321005 | ||
| 952 | |0 0 |1 0 |4 0 |6 813_000000000000000_LON_1914 |7 0 |8 X |9 399659 |a FDOBUD |b FDOBUD |d 2019-11-22 |i 1027492 |o 813 LON 1914 |p 1027492 |r 2019-11-22 |w 2019-11-22 |y BK_X |k BUD | ||